| 000 | 00540nam a22001937a 4500 | ||
|---|---|---|---|
| 008 | 150713b xxu||||| |||| 00| 0 alb d | ||
| 020 | _a9789951853279 | ||
| 041 | 0 | _aalb | |
| 080 |
_a342.2 _x(496.51) |
||
| 100 | _aBajrami, Arsim ; | ||
| 245 |
_aSistemi Kushtetues i Republikës së Kosovës / _cArsim Bajrami. |
||
| 260 |
_aPrishtinë : _bArtini, _c2011. |
||
| 300 |
_a595 f. ; _c24 cm. |
||
| 500 | _aParathënie : f.27-30 | ||
| 505 | _aLiterarua : f.591-595 | ||
| 650 | 0 | _aShkenca politike | |
| 650 | 0 | _aKushtetuta | |
| 942 |
_2udc _cBK |
||
| 999 |
_c1109 _d1109 |
||